Essentials of corporate communication : Implementing practices for effective reputation management (Record no. 694614)

MARC details
000 -LEADER
fixed length control field 00893nam a2200253Ia 4500
003 - CONTROL NUMBER IDENTIFIER
control field OSt
005 - DATE AND TIME OF LATEST TRANSACTION
control field 20260318152724.0
008 - FIXED-LENGTH DATA ELEMENTS--GENERAL INFORMATION
fixed length control field 220926b |||||||| |||| 00| 0 eng d
020 ## - INTERNATIONAL STANDARD BOOK NUMBER
International Standard Book Number 9780415328265
037 ## - SOURCE OF ACQUISITION
Terms of availability Reference Collections
040 ## - CATALOGING SOURCE
Original cataloging agency RTL
Transcribing agency RTL
Language of cataloging eng
041 ## - LANGUAGE CODE
Source of code eng
Language code of text/sound track or separate title eng
084 ## - COLON CLASSIFICATION NUMBER
Classification number X:8N91 , P7
Assigning agency RTL
100 ## - MAIN ENTRY--PERSONAL NAME
Personal name VAN RIEL Cees B.M.
9 (RLIN) 374973
245 #0 - TITLE STATEMENT
Title Essentials of corporate communication : Implementing practices for effective reputation management
260 ## - PUBLICATION, DISTRIBUTION, ETC.
Place of publication, distribution, etc. "London,"
Name of publisher, distributor, etc. "Routledge, "
Date of publication, distribution, etc. 2007
300 ## - PHYSICAL DESCRIPTION
Extent xvi , 306 p Index 302-306 p.
Other physical details Includes bibliographical references and index
490 ## - SERIES STATEMENT
Series statement Urban Studies Monographs
500 ## - GENERAL NOTE
General note Bibliography : 284-301 p.
700 ## - ADDED ENTRY--PERSONAL NAME
Personal name VAN RIEL Cees B.M
9 (RLIN) 374974
Relator term Co-Author
700 ## - ADDED ENTRY--PERSONAL NAME
Personal name FOMBRUN Charles J.
Relator term Co-Author
942 ## - ADDED ENTRY ELEMENTS (KOHA)
Classification part X:8N91 , P7
Koha item type
Source of classification or shelving scheme Colon Classification (CC)
Holdings
Withdrawn status Lost status Source of classification or shelving scheme Damaged status Not for loan Home library Current library Date acquired Total Checkouts Full call number Barcode Date last seen Price effective from Koha item type
    Colon Classification (CC)     Ratan Tata Library Ratan Tata Library 2022-09-27   "X:8N91 P7" RT1459440 2022-09-27 2022-09-27  
Copyright @ Delhi University Library System